Normal view
MARC view
Entry Personal Name
001 - CONTROL NUMBER
- control field: 39074
003 - CONTROL NUMBER IDENTIFIER
- control field: dpl
005 - DATE AND TIME OF LATEST TRANSACTION
- control field: 20120112145015.0
008 - FIXED-LENGTH DATA ELEMENTS
- fixed length control field: 120112|||a|||||| | ||| d
040 ## - CATALOGING SOURCE
- Original cataloging agency: dpl
- Transcribing agency: dpl
100 ## - HEADING--PERSONAL NAME
- Personal name: Thorpe, Showick
670 ## - SOURCE DATA FOUND
- Source citation: Work cat.: (dpl): Thorpe, Edgar 39073, The pearson general knowledge manual 2008 /, 2008
670 ## - SOURCE DATA FOUND
- Source citation: Work cat.: (dpl): Thorpe, Edgar 39073, The pearson general knowledge manual 2008 /, 2008
